Most Popular U.S. Presidential Campaigns - Statistics

General Stats
  • This quiz has been taken 53 times
    22 since last reset
  • The average score is 70 of 100
Answer Stats
Year Party Answer % Correct
2020 D Joe Biden
100%
2008 D Barack Obama
94%
2012 D Barack Obama
94%
2024 R Donald Trump
94%
2020 R Donald Trump
94%
2016 R Donald Trump
94%
1988 R George H.W. Bush
94%
1992 R George H.W. Bush
94%
2004 R George W. Bush
94%
2000 R George W. Bush
94%
2024 D Kamala Harris
94%
1984 R Ronald Reagan
94%
1980 R Ronald Reagan
94%
1864 NU Abraham Lincoln
88%
1860 R Abraham Lincoln
88%
1996 D Bill Clinton
88%
1992 D Bill Clinton
88%
1996 R Bob Dole
88%
1936 D Franklin D. Roosevelt
88%
1940 D Franklin D. Roosevelt
88%
1944 D Franklin D. Roosevelt
88%
1932 D Franklin D. Roosevelt
88%
2016 L Gary Johnson
88%
2016 D Hillary Clinton
88%
1960 D John F. Kennedy
88%
1964 D Lyndon B. Johnson
88%
1972 R Richard Nixon
88%
1960 R Richard Nixon
88%
1968 R Richard Nixon
88%
1904 R Theodore Roosevelt
88%
1912 P Theodore Roosevelt
88%
2000 D Al Gore
82%
1924 R Calvin Coolidge
82%
1956 R Dwight D. Eisenhower
82%
1952 R Dwight D. Eisenhower
82%
1976 R Gerald Ford
82%
1976 D Jimmy Carter
82%
1980 D Jimmy Carter
82%
2008 R John McCain
82%
2012 R Mitt Romney
82%
1920 R Warren G. Harding
82%
1908 R William Howard Taft
82%
1912 R William Howard Taft
82%
1916 D Woodrow Wilson
82%
1912 D Woodrow Wilson
82%
1888 R Benjamin Harrison
76%
1892 R Benjamin Harrison
76%
1928 R Herbert Hoover
76%
1932 R Herbert Hoover
76%
1988 D Michael Dukakis
76%
1984 D Walter Mondale
76%
1900 R William McKinley
76%
1896 R William McKinley
76%
1892 D Grover Cleveland
71%
1888 D Grover Cleveland
71%
1884 D Grover Cleveland
71%
1948 D Harry S. Truman
71%
1856 D James Buchanan
71%
2004 D John Kerry
71%
1992 I Ross Perot
71%
1996 RPUSA Ross Perot
71%
1928 D Al Smith
65%
1972 D George McGovern
65%
1968 AIP George Wallace
65%
1968 D Hubert Humphrey
65%
1872 R Ulysses S. Grant
65%
1868 R Ulysses S. Grant
65%
1952 D Adlai Stevenson
59%
1956 D Adlai Stevenson
59%
1964 R Barry Goldwater
59%
1852 D Franklin Pierce
59%
1880 R James A. Garfield
59%
1844 D James K. Polk
59%
2000 G Ralph Nader
59%
1876 R Rutherford B. Hayes
59%
1944 R Thomas E. Dewey
59%
1948 R Thomas E. Dewey
59%
1896 D William Jennings Bryan
59%
1908 D William Jennings Bryan
59%
1900 D William Jennings Bryan
59%
1936 R Alf Landon
53%
1980 I John B. Anderson
53%
1848 W Zachary Taylor
53%
1924 D John W. Davis
47%
1940 R Wendell Willkie
47%
1864 D George B. McClellan
41%
2016 G Jill Stein
41%
1924 SPA Robert M. La Follette
41%
1904 D Alton B. Parker
35%
1876 D Samuel J. Tilden
35%
1952 W Winfield Scott
35%
1916 R Charles Evans Hughes
29%
1844 W Henry Clay
29%
1868 D Horatio Seymour
29%
1856 R John C. Fremont
29%
1880 D Winfield Scott Hancock
29%
1872 D Horace Greeley
24%
1884 R James G. Blaine
24%
1920 D James M. Cox
24%
2020 L Jo Jorgensen
18%
No matching quizzes found
Score Distribution
Percent of People with Each Score
Percentile by Number Answered
Your Score History
You have not taken this quiz since the last reset